[Event "World Blitz 2015"]
[Site "Berlin GER"]
[Date "2015.10.14"]
[Round "18.40"]
[White "Schneider, Ilja"]
[Black "Jumabayev, Rinat"]
[Result "0-1"]
[WhiteTitle "IM"]
[BlackTitle "GM"]
[WhiteElo "2481"]
[BlackElo "2606"]
[WhiteFideId "4663306"]
[BlackFideId "13702661"]
[EventDate "2015.10.13"]

1. d4 Nf6 2. Bg5 d5 3. e3 c5 4. c3 Nbd7 5. Nd2 Qb6 6. Rb1 g6 7. Ngf3 Bg7 8. Bd3
O-O 9. O-O Re8 10. Re1 Nf8 11. dxc5 Qxc5 12. e4 Ne6 13. Be3 Qc7 14. h3 Rd8 15.
Qe2 dxe4 16. Nxe4 Nd5 17. Rbd1 Nef4 18. Bxf4 Nxf4 19. Qc2 Bf5 20. Bf1 e5 21. Nh4
Be6 22. Ng5 Bd5 23. g3 Nh5 24. Bg2 Bxg2 25. Nxg2 h6 26. Ne4 f5 27. Nd2 e4 28.
Nf1 Bf8 29. Nfe3 Bc5 30. Qb3+ Kg7 31. Nh4 Rxd1 32. Qxd1 Nf6 33. Nhg2 Rd8 34. Qe2
Rd3 35. Nf4 Rd6 36. Nc4 Ra6 37. b4 g5 38. Nh5+ Nxh5 39. Qxh5 Bxf2+ 40. Kxf2 Qxc4
41. Rd1 Rxa2+ 42. Kg1 Qe6 43. Rd8 Qb6+ 44. Rd4 Rd2 45. Qe8 Rxd4 46. Qe7+ Kg6 47.
Qe8+ Kf6 48. cxd4 Qxd4+ 49. Kf1 Qd3+ 50. Kf2 Qf3+ 51. Ke1 Qxg3+ 52. Kd1 Qd3+ 53.
Kc1 Qc3+ 54. Kd1 Qd4+ 55. Ke1 Qxb4+ 56. Kf1 Qc4+ 57. Ke1 Qf7 58. Qd8+ Kg6 59.
Qc8 a6 60. h4 gxh4 61. Qd8 Kh5 62. Qd1+ Kg6 63. Qd6+ Qf6 64. Qd7 b5 65. Qe8+ Kg5
66. Qg8+ Kh5 67. Qe8+ Qg6 68. Qd8 h3 69. Qd1+ Qg4 70. Qd7 h2 71. Qf7+ Qg6 0-1

[Event "World Blitz 2015"]
[Site "Berlin GER"]
[Date "2015.10.14"]
[Round "18.41"]
[White "Bachmann, Axel"]
[Black "Ganguly, Surya Shekhar"]
[Result "1-0"]
[WhiteTitle "GM"]
[BlackTitle "GM"]
[WhiteElo "2593"]
[BlackElo "2652"]
[WhiteFideId "3700488"]
[BlackFideId "5002150"]
[EventDate "2015.10.13"]

1. e4 e6 2. Qe2 c5 3. g3 Nc6 4. Bg2 Qc7 5. Nf3 Nf6 6. O-O e5 7. Nc3 d6 8. d3 h6
9. Nd2 Nd4 10. Qd1 Bg4 11. f3 Be6 12. Nc4 d5 13. exd5 Nxd5 14. Nxd5 Bxd5 15.
Nxe5 Nxc2 16. Qxc2 Qxe5 17. Bd2 O-O-O 18. Bc3 Qe3+ 19. Kh1 Bc6 20. Rad1 Bd6 21.
d4 h5 22. d5 Bb5 23. Rfe1 Qg5 24. f4 Qh6 25. h4 Kb8 26. Be5 Ka8 27. Qc3 Rhg8 28.
Re3 a6 29. Rde1 Qg6 30. Kh2 Bd7 31. Qa5 Bf5 32. Rb3 Bc8 33. Rb6 Rd7 34. Rc1 Rgd8
35. Rxc5 Qd3 1-0

[Event "World Blitz 2015"]
[Site "Berlin GER"]
[Date "2015.10.14"]
[Round "18.43"]
[White "Piorun, Kacper"]
[Black "Sasikiran, Krishnan"]
[Result "0-1"]
[WhiteTitle "GM"]
[BlackTitle "GM"]
[WhiteElo "2609"]
[BlackElo "2639"]
[WhiteFideId "1130420"]
[BlackFideId "5004985"]
[EventDate "2015.10.13"]

1. Nf3 Nf6 2. g3 d5 3. Bg2 c6 4. O-O Bg4 5. d3 Nbd7 6. Qe1 e5 7. e4 dxe4 8. dxe4
h6 9. Nbd2 Qc7 10. h3 Be6 11. Qe2 Bc5 12. Nh4 O-O-O 13. c3 a6 14. b4 Ba7 15. a4
g5 16. Nf5 Bxf5 17. exf5 e4 18. b5 Nc5 19. Nc4 Nd5 20. Bd2 Rhe8 21. Rfb1 Nd3 22.
b6 Nxb6 23. Nxb6+ Bxb6 24. Be3 Bc5 25. a5 Qe5 26. Rb3 Bxe3 27. Qxe3 Nc5 28. Rb4
Rd3 29. Rxe4 Rxe3 0-1

[Event "World Blitz 2015"]
[Site "Berlin GER"]
[Date "2015.10.14"]
[Round "18.44"]
[White "Bluebaum, Matthias"]
[Black "Bok, Benjamin"]
[Result "1-0"]
[WhiteTitle "GM"]
[BlackTitle "GM"]
[WhiteElo "2588"]
[BlackElo "2591"]
[WhiteFideId "24651516"]
[BlackFideId "1017063"]
[EventDate "2015.10.13"]

1. d4 g6 2. c4 Bg7 3. e4 d6 4. Nc3 Nf6 5. Nf3 O-O 6. Be2 e5 7. Be3 Ng4 8. Bg5 f6
9. Bh4 Nc6 10. d5 Ne7 11. Nd2 f5 12. Bxg4 fxg4 13. Bg5 h6 14. Be3 c5 15. dxc6
bxc6 16. b4 Be6 17. O-O g5 18. Qc2 Ng6 19. c5 Nf4 20. cxd6 Qxd6 21. Bc5 Qd7 22.
Bxf8 Rxf8 23. Nb3 Qf7 24. Nc5 Bc4 25. Rfe1 h5 26. Rad1 h4 27. Rd7 Qf6 28. Nd1 h3
29. Qxc4+ Kh8 30. g3 Ng2 31. Rf1 Ne1 32. Qe2 Nf3+ 33. Kh1 a5 34. a3 axb4 35.
axb4 Qg6 36. Ne3 Qh5 37. Nf5 Nd4 38. Nxg7 1-0

[Event "World Blitz 2015"]
[Site "Berlin GER"]
[Date "2015.10.14"]
[Round "18.45"]
[White "Meier, Georg"]
[Black "Khismatullin, Denis"]
[Result "1/2-1/2"]
[WhiteTitle "GM"]
[BlackTitle "GM"]
[WhiteElo "2654"]
[BlackElo "2651"]
[WhiteFideId "4675789"]
[BlackFideId "4142578"]
[EventDate "2015.10.13"]

1. Nf3 c5 2. g3 g6 3. c4 Bg7 4. Nc3 Nc6 5. Bg2 d6 6. O-O Nh6 7. b3 Nf5 8. Bb2
O-O 9. e3 Rb8 10. Qc1 a6 11. Nd5 e5 12. d3 b5 13. Nd2 Nfe7 14. Re1 Be6 15. Nxe7+
Nxe7 16. Ne4 f5 17. Nc3 b4 18. Ne2 a5 19. d4 Qc7 20. Qc2 a4 21. Rad1 a3 22. Ba1
Bf7 23. Rd2 Rfd8 24. h3 Rbc8 25. g4 cxd4 26. exd4 e4 27. gxf5 gxf5 28. f3 d5 29.
c5 e3 30. Rdd1 f4 31. Kh1 Bg6 32. Qc1 Nf5 33. Rg1 Nh4 34. Bf1 Nxf3 35. Rg4 Rf8
36. Bg2 Be4 37. Rf1 h5 38. Rxg7+ Qxg7 39. Bxf3 Bxf3+ 40. Rxf3 Kh8 41. Qf1 Rce8
42. Rxf4 Rxf4 43. Qxf4 Rg8 44. Qf3 Qg6 45. Kh2 Kh7 46. h4 Rg7 47. Kh3 Qg4+ 48.
Qxg4 Rxg4 49. Ng3 Kh6 50. Ne2 Rg6 51. Nf4 Rg1 1/2-1/2

[Event "World Blitz 2015"]
[Site "Berlin GER"]
[Date "2015.10.14"]
[Round "18.46"]
[White "Salem, A.R. Saleh"]
[Black "Shabalov, Alexander"]
[Result "1/2-1/2"]
[WhiteTitle "GM"]
[BlackTitle "GM"]
[WhiteElo "2624"]
[BlackElo "2522"]
[WhiteFideId "9301348"]
[BlackFideId "2008572"]
[EventDate "2015.10.13"]

1. d4 Nf6 2. c4 b6 3. Nf3 Bb7 4. e3 g6 5. Bd3 Bg7 6. O-O O-O 7. Re1 Ne4 8. d5
Nc5 9. Bc2 e6 10. e4 d6 11. Bg5 Qc8 12. Nc3 Nbd7 13. Qd2 a5 14. Rad1 e5 15. Nb5
f6 16. Bh6 Rf7 17. h3 Nf8 18. Be3 Qd8 19. b3 Bc8 20. a3 f5 21. exf5 gxf5 22. Bg5
Qe8 23. b4 Ne4 24. Bxe4 fxe4 25. Rxe4 Bxh3 26. gxh3 Rxf3 27. Nxc7 Qg6 28. Rg4
Rxh3 29. Nxa8 Qh5 30. Rh4 Rxh4 31. Bxh4 Qxh4 32. Nc7 Qg4+ 33. Kh1 Qf3+ 34. Kg1
Qg4+ 35. Kh2 Qh4+ 36. Kg2 Qg4+ 37. Kh2 Qh4+ 38. Kg2 Qg4+ 1/2-1/2

[Event "World Blitz 2015"]
[Site "Berlin GER"]
[Date "2015.10.14"]
[Round "18.47"]
[White "Cheparinov, Ivan"]
[Black "Handke, Florian"]
[Result "1-0"]
[WhiteTitle "GM"]
[BlackTitle "GM"]
[WhiteElo "2681"]
[BlackElo "2531"]
[WhiteFideId "2905540"]
[BlackFideId "4634527"]
[EventDate "2015.10.13"]

1. d4 Nf6 2. c4 b6 3. f3 Nc6 4. Nc3 e5 5. d5 Ne7 6. g4 h6 7. h4 Ng6 8. h5 Ne7 9.
Nh3 d6 10. Nf2 g6 11. hxg6 Nxg6 12. e3 h5 13. g5 Ng8 14. Nce4 Bg7 15. Bd3 N8e7
16. Bd2 Nf5 17. Qe2 Bd7 18. O-O-O Qc8 19. Kb1 a6 20. Rhg1 Qb7 21. Nf6+ Bxf6 22.
gxf6 O-O-O 23. c5 Bb5 24. c6 Qa7 25. Bxf5+ 1-0

[Event "World Blitz 2015"]
[Site "Berlin GER"]
[Date "2015.10.14"]
[Round "18.48"]
[White "Bauer, Christian"]
[Black "Wagner, Dennis"]
[Result "1-0"]
[WhiteTitle "GM"]
[BlackTitle "GM"]
[WhiteElo "2623"]
[BlackElo "2575"]
[WhiteFideId "603767"]
[BlackFideId "24650684"]
[EventDate "2015.10.13"]

1. b4 c6 2. e3 a5 3. b5 Nf6 4. c4 d5 5. Nc3 e5 6. bxc6 bxc6 7. cxd5 cxd5 8. Nf3
Bd6 9. Nb5 O-O 10. Nxd6 Qxd6 11. Qa4 Nc6 12. Ba3 Nb4 13. Bxb4 Qxb4 14. Qxb4 axb4
15. Nxe5 b3 16. a4 Bf5 17. Bd3 Nd7 18. Bxf5 Nxe5 19. Ke2 Rfb8 20. Rhb1 Nc4 21.
Bd7 Kf8 22. d3 Nd6 23. Ra3 b2 24. Ra2 Ra7 25. Bc6 Rc7 26. Bxd5 Rc2+ 27. Kf3 h5
28. a5 Rb4 29. a6 g5 30. g3 g4+ 31. Kg2 Nf5 32. Re1 b1=Q 33. Rxc2 Qxc2 34. a7
Rb2 35. a8=Q+ Kg7 36. Rf1 Nxe3+ 37. Kg1 Nxf1 38. Qa7 Rb1 39. Qxf7+ Kh6 40. Qf6+
Kh7 41. Be4+ Kg8 42. Bd5+ Kh7 43. Be4+ Kg8 44. Qd8+ Kg7 45. Qe7+ Kg8 46. Bd5+
Kh8 47. Qf8+ Kh7 48. Be4# 1-0

[Event "World Blitz 2015"]
[Site "Berlin GER"]
[Date "2015.10.14"]
[Round "18.49"]
[White "Bindrich, Falko"]
[Black "Zhang, Zhong"]
[Result "1-0"]
[WhiteTitle "GM"]
[BlackTitle "GM"]
[WhiteElo "2594"]
[BlackElo "2619"]
[WhiteFideId "4676670"]
[BlackFideId "8600694"]
[EventDate "2015.10.13"]

1. d4 Nf6 2. Nf3 e6 3. Bf4 c5 4. c3 b6 5. e3 Bb7 6. h3 Be7 7. Nbd2 O-O 8. Bd3
Nc6 9. Bh2 cxd4 10. exd4 d6 11. O-O Re8 12. Re1 Bf8 13. Ne4 Na5 14. Qc2 Nxe4 15.
Bxe4 Bxe4 16. Rxe4 d5 17. Re2 Rc8 18. Qd3 Nc4 19. Ne5 b5 20. a3 a6 21. Rae1 Nxe5
22. Bxe5 Qb6 23. h4 a5 24. h5 h6 25. Re3 b4 26. axb4 axb4 27. Rg3 Kh8 28. Qe3
Kg8 29. Qxh6 f6 30. Qxf6 Rc7 31. h6 Rf7 32. h7+ 1-0

[Event "World Blitz 2015"]
[Site "Berlin GER"]
[Date "2015.10.14"]
[Round "18.50"]
[White "Belov, Vladimir"]
[Black "Lagno, Kateryna"]
[Result "1-0"]
[WhiteTitle "GM"]
[BlackTitle "GM"]
[WhiteElo "2614"]
[BlackElo "2523"]
[WhiteFideId "4132394"]
[BlackFideId "14109336"]
[EventDate "2015.10.13"]

1. Nf3 g6 2. d4 Nf6 3. Bg5 Bg7 4. Nbd2 d6 5. c3 Nbd7 6. e4 h6 7. Bh4 g5 8. Bg3
Nh5 9. Bd3 e6 10. Qe2 Qe7 11. Nc4 Nxg3 12. hxg3 Nb6 13. Na5 c6 14. Nd2 d5 15. e5
c5 16. Bb5+ Nd7 17. Nab3 cxd4 18. cxd4 a6 19. Bd3 a5 20. a3 a4 21. Nc1 Nb8 22.
f4 Nc6 23. Nf3 g4 24. Nh4 h5 25. Qf2 Bd7 26. Ne2 Na5 27. f5 Bh6 28. Nf4 Nb3 29.
Rd1 O-O-O 30. O-O Kb8 31. fxe6 Bxe6 32. Bb5 Bc8 33. Bxa4 Na5 34. Bb5 Qc7 35. b4
Qb6 36. bxa5 Qxb5 37. Nd3 Be6 38. Nc5 Qxa5 39. Rb1 b6 40. Rb4 Kc7 41. Nxe6+ fxe6
42. Ng6 Rhe8 43. Qf7+ Kb8 44. Rfb1 Be3+ 45. Kh2 Bxd4 46. Rxd4 Ka8 47. Rdb4 Rb8
48. Rxb6 Rxb6 49. Qxe8+ Ka7 50. Qd7+ Ka6 51. Qc8+ Ka7 52. Qc7+ Ka6 53. Rxb6+
Qxb6 54. Qxb6+ Kxb6 55. Nf4 d4 56. Kg1 1-0

[Event "World Blitz 2015"]
[Site "Berlin GER"]
[Date "2015.10.14"]
[Round "18.52"]
[White "Demuth, Adrien"]
[Black "Bologan, Viktor"]
[Result "1-0"]
[WhiteTitle "GM"]
[BlackTitle "GM"]
[WhiteElo "2545"]
[BlackElo "2607"]
[WhiteFideId "642274"]
[BlackFideId "13900048"]
[EventDate "2015.10.13"]

1. Nf3 Nf6 2. c4 g6 3. Nc3 Bg7 4. e4 d6 5. d4 Nbd7 6. h3 e5 7. d5 Nc5 8. Qc2 a5
9. Be3 O-O 10. g4 c6 11. Nd2 Bd7 12. O-O-O cxd5 13. exd5 a4 14. a3 Qa5 15. f3
Rfc8 16. Kb1 Ne8 17. h4 b5 18. cxb5 Nb3 19. Nxb3 axb3 20. Qxb3 Rab8 21. Qb4 Qa8
22. Ne4 Nc7 23. Nxd6 Bf8 24. b6 Nxd5 25. Qb3 Be6 26. Nxc8 Nxe3 27. Qxe3 Rxc8 28.
Bd3 Qa4 29. Rc1 Rb8 30. Be4 Qa5 31. b7 f5 32. gxf5 gxf5 33. Rhg1+ Kf7 34. Bc6 h6
35. Rge1 Bg7 36. Red1 e4 37. fxe4 Qe5 38. Qf2 f4 39. Bd5 Ke7 40. Qc5+ Ke8 41.
Bc6+ Kf7 42. Qxe5 Bxe5 43. Bd5 Kf6 44. Bxe6 Kxe6 45. Rc6+ Ke7 46. Rxh6 f3 47.
Rf1 Kf8 48. Rxf3+ Kg7 49. Re6 Bd4 50. Re7+ Kg6 51. Rd3 Bc5 52. Rc7 Bf2 53. Rdd7
Bg3 54. Rc8 1-0

[Event "World Blitz 2015"]
[Site "Berlin GER"]
[Date "2015.10.14"]
[Round "18.53"]
[White "Lagarde, Maxime"]
[Black "Halkias, Stelios"]
[Result "1/2-1/2"]
[WhiteTitle "GM"]
[BlackTitle "GM"]
[WhiteElo "2550"]
[BlackElo "2534"]
[WhiteFideId "662399"]
[BlackFideId "4201809"]
[EventDate "2015.10.13"]

1. e4 e5 2. Nf3 Nc6 3. Bb5 a6 4. Ba4 Nf6 5. d3 d6 6. c3 Bd7 7. O-O g6 8. Re1 Bg7
9. Nbd2 O-O 10. Nf1 h6 11. Ng3 Kh7 12. h3 Ng8 13. d4 Qe7 14. Bc2 Kh8 15. Be3
Rae8 16. Qd2 Nd8 17. Rad1 Bc8 18. b4 Ne6 19. Ba4 Rd8 20. d5 Nf4 21. Bxf4 exf4
22. Ne2 g5 23. Ned4 Be5 24. Nf5 Qf6 25. Nxe5 dxe5 26. c4 h5 27. f3 Nh6 28. Qc3
Kh7 29. Bc2 Bxf5 30. exf5 Rfe8 31. Re2 g4 32. fxg4 hxg4 33. hxg4 Nxg4 34. Qh3+
Nh6 35. Kf2 Rg8 36. Rh1 Rg3 37. Qxh6+ Qxh6 38. f6+ Rg6 39. Bxg6+ Kxg6 40. Rxh6+
Kxh6 41. Rxe5 Kg6 42. Re7 c6 43. Rxb7 cxd5 44. c5 d4 45. Ke2 Kxf6 46. Kd3 Rg8
47. Kxd4 Rxg2 48. a4 Ra2 49. Rb6+ Kg5 50. Ke4 Rxa4 51. c6 Ra1 52. b5 f5+ 53. Kf3
axb5 54. Rxb5 Ra3+ 55. Kf2 Rc3 56. Rb8 Rxc6 57. Rg8+ Rg6 58. Rf8 Rc6 59. Rg8+
Kf6 60. Rf8+ Ke5 61. Re8+ Re6 62. Rd8 Ke4 63. Rb8 Rd6 64. Re8+ Kd5 65. Kf3 Re6
66. Rxe6 1/2-1/2

[Event "World Blitz 2015"]
[Site "Berlin GER"]
[Date "2015.10.14"]
[Round "18.54"]
[White "Dlugy, Maxim"]
[Black "Hausrath, Daniel"]
[Result "1/2-1/2"]
[WhiteTitle "GM"]
[BlackTitle "GM"]
[WhiteElo "2518"]
[BlackElo "2503"]
[WhiteFideId "2000075"]
[BlackFideId "4617495"]
[EventDate "2015.10.13"]

1. d4 Nf6 2. c4 Nc6 3. Nf3 e6 4. a3 d6 5. Nc3 g6 6. g3 Bg7 7. Bg2 O-O 8. O-O a5
9. b3 Nd7 10. Bb2 Nb6 11. Qd3 e5 12. dxe5 dxe5 13. Qxd8 Rxd8 14. Nd1 Nd4 15.
Nxd4 exd4 16. c5 Nd5 17. Re1 Be6 18. Rc1 c6 19. Be4 Nc7 20. b4 axb4 21. axb4 Ra4
22. Bd3 Rxb4 23. Ra1 Na6 24. Bxa6 bxa6 25. Rxa6 Bd5 26. f3 Rb5 27. Ba3 Re8 28.
Kf1 Bc4 29. Rxc6 Rb1 30. Rb6 Bxe2+ 31. Rxe2 Rxd1+ 32. Kf2 Ra8 33. Bb4 d3 34. Re4
f5 35. Re7 Bd4+ 36. Kg2 d2 37. Kh3 g5 38. Rd6 g4+ 39. fxg4 fxg4+ 40. Kxg4 Rb1
41. Bxd2 Bxc5 42. Red7 Bxd6 43. Rxd6 Ra4+ 44. Bf4 Ra7 45. h4 Rb5 46. h5 Kf7 47.
Kh4 Rf5 48. Rd4 Re7 49. g4 Rb5 50. Bg5 Reb7 51. Rf4+ Ke6 52. Rf6+ Ke5 53. Rf8
Ke4 54. Rf4+ Ke5 55. Rf3 Ke4 56. Re3+ Kd4 57. Re6 Rf7 58. Bf6+ Kd5 59. Ra6 Ke4
60. g5 Kf5 61. Ra4 Rxf6 62. gxf6 Kxf6 1/2-1/2

[Event "World Blitz 2015"]
[Site "Berlin GER"]
[Date "2015.10.14"]
[Round "18.55"]
[White "Heimann, Andreas"]
[Black "Akopian, Vladimir"]
[Result "0-1"]
[WhiteTitle "IM"]
[BlackTitle "GM"]
[WhiteElo "2546"]
[BlackElo "2648"]
[WhiteFideId "24624632"]
[BlackFideId "13300032"]
[EventDate "2015.10.13"]

1. e4 e6 2. d4 d5 3. Nc3 Bb4 4. e5 c5 5. a3 Bxc3+ 6. bxc3 Qa5 7. Bd2 Qa4 8. Qb1
c4 9. Ne2 Nc6 10. Nf4 f6 11. Nh5 fxe5 12. dxe5 g6 13. Nf4 Nge7 14. h4 Bd7 15.
Qxb7 Rb8 16. Qc7 Qxc2 17. Be2 Rb1+ 18. Rxb1 Qxb1+ 19. Bd1 Qe4+ 20. Be3 Qxe5 21.
Qxe5 Nxe5 22. Bxa7 O-O 23. g3 N7c6 24. Bc5 Rxf4 25. gxf4 Nd3+ 26. Kd2 Nxc5 27.
Bc2 Nb3+ 28. Ke3 d4+ 29. cxd4 Ncxd4 30. Be4 c3 31. Rd1 c2 32. Bxc2 Nxc2+ 33. Ke4
Ncd4 34. Ke5 Kf7 35. Kd6 Ba4 36. Rh1 h5 37. Rh3 Kf6 38. Rg3 Nf5+ 0-1

[Event "World Blitz 2015"]
[Site "Berlin GER"]
[Date "2015.10.14"]
[Round "18.56"]
[White "Lenic, Luka"]
[Black "Abel, Dennes"]
[Result "1-0"]
[WhiteTitle "GM"]
[BlackTitle "IM"]
[WhiteElo "2639"]
[BlackElo "2441"]
[WhiteFideId "14603853"]
[BlackFideId "24605417"]
[EventDate "2015.10.13"]

1. Nf3 d5 2. g3 c6 3. Bg2 Bg4 4. O-O e6 5. d3 Nd7 6. Nbd2 Bc5 7. e4 Ne7 8. h3
Bxf3 9. Nxf3 O-O 10. Qe2 Bb6 11. h4 Qc7 12. Bf4 e5 13. Bg5 Rae8 14. Rfe1 dxe4
15. dxe4 Nc5 16. Bh3 a5 17. Rad1 Nc8 18. Bxc8 Rxc8 19. Kg2 Ne6 20. Bc1 Rcd8 21.
c3 Rxd1 22. Rxd1 Rd8 23. Rxd8+ Nxd8 24. Nd2 Qd7 25. Nc4 Bc7 26. a4 f6 27. Be3
Ne6 28. Qc2 Kf8 29. Qb3 Bd8 30. Qc2 Kf7 31. Qe2 g6 32. Nd2 Be7 33. Qc4 Ke8 34.
Nb3 Bd8 35. Nc5 Nxc5 36. Qg8+ 1-0

[Event "World Blitz 2015"]
[Site "Berlin GER"]
[Date "2015.10.14"]
[Round "18.57"]
[White "Hjartarson, Johann"]
[Black "Maze, Sebastien"]
[Result "1/2-1/2"]
[WhiteTitle "GM"]
[BlackTitle "GM"]
[WhiteElo "2529"]
[BlackElo "2582"]
[WhiteFideId "2300044"]
[BlackFideId "613762"]
[EventDate "2015.10.13"]

1. e4 c5 2. Nf3 Nc6 3. d4 cxd4 4. Nxd4 g6 5. c4 Bg7 6. Be3 Nf6 7. Nc3 O-O 8. Be2
d6 9. O-O Bd7 10. Qd2 Nxd4 11. Bxd4 Bc6 12. f3 a5 13. b3 Nd7 14. Be3 Nc5 15.
Rac1 Qb6 16. Nb5 Rfc8 17. Rfd1 Qd8 18. Bf1 Qf8 19. Nc3 h5 20. Nd5 Bxd5 21. exd5
Qd8 22. Kh1 Qb6 23. Bg5 Bf6 24. Bxf6 exf6 25. Re1 Re8 26. Rxe8+ Rxe8 27. Re1 Re5
28. Rd1 Kg7 29. g3 Qb4 30. Kg2 Qa3 31. Rb1 Na6 32. Qb2 Qxb2+ 33. Rxb2 Re1 34.
Bd3 Nc5 35. Bf1 Ra1 36. Kf2 f5 37. Be2 Kf6 38. h4 Ke5 39. Ke3 Rg1 40. Kf2 Ra1
41. Ke3 Na6 42. Bd3 Rg1 43. Kf2 Rd1 44. Ke3 Nc5 45. Be2 Rg1 46. Kf2 Rc1 47. a3
Ra1 48. b4 Nd7 49. Rb3 Kd4 50. Rd3+ Ke5 51. Re3+ Kf6 52. Rc3 axb4 53. axb4 Nb6
54. c5 Nxd5 55. Rd3 Nxb4 56. Rxd6+ Ke7 57. Rb6 Nd5 58. Rxb7+ Kf6 59. Bc4 Nc3 60.
Rxf7+ Ke5 61. Rg7 Ra4 62. Bg8 Ra6 63. Rc7 Nb5 64. Rc8 Nd4 65. Bf7 Ra3 66. f4+
Kf6 67. Be8 Rf3+ 68. Kg2 Rc3 69. c6 Rc2+ 70. Kf1 Nf3 71. Bd7 Rd2 72. c7 Nh2+ 73.
Ke1 Nf3+ 74. Kf1 Nh2+ 1/2-1/2

[Event "World Blitz 2015"]
[Site "Berlin GER"]
[Date "2015.10.14"]
[Round "18.58"]
[White "Huzman, Alexander"]
[Black "Nikolic, Predrag"]
[Result "0-1"]
[WhiteTitle "GM"]
[BlackTitle "GM"]
[WhiteElo "2580"]
[BlackElo "2603"]
[WhiteFideId "2803828"]
[BlackFideId "14400014"]
[EventDate "2015.10.13"]

1. d4 Nf6 2. c4 e6 3. Nf3 Bb4+ 4. Nbd2 d5 5. Qa4+ Nc6 6. a3 Bxd2+ 7. Bxd2 Ne4 8.
e3 Nxd2 9. Nxd2 O-O 10. Be2 Bd7 11. Qc2 Ne7 12. O-O Ng6 13. Rac1 dxc4 14. Nxc4
Bb5 15. Na5 Bxe2 16. Qxe2 Rb8 17. Rfd1 c6 18. b4 Qe7 19. Nb3 Rfd8 20. h3 e5 21.
dxe5 Nxe5 22. Na5 h6 23. Rc2 Rxd1+ 24. Qxd1 Rd8 25. Rd2 Rxd2 26. Qxd2 b6 27. Nb3
Nc4 28. Qc1 Qe6 29. a4 Qd5 30. Nd4 a5 31. bxa5 Nxa5 32. g4 g6 33. Qc2 Nc4 34.
Kh2 c5 35. Nb5 Ne5 36. Nc3 Qc4 37. Kg3 Nd3 38. Qd2 h5 39. Nb5 hxg4 40. hxg4 Ne5
41. Qd1 Qe4 42. Nd6 Qc6 43. f4 Nd7 44. e4 c4 45. Nb5 Nc5 46. Qd8+ Kh7 47. Nc3
Nxe4+ 48. Nxe4 Qxe4 49. Qxb6 c3 50. Qc7 Qe3+ 51. Kh4 Kg7 52. a5 Qf2+ 53. Kg5 Qd4
54. Kh4 Qf2+ 55. Kg5 c2 56. Qc3+ Kh7 57. a6 Qh2 58. Qc7 Qh6+ 59. Kf6 Qg7+ 0-1

[Event "World Blitz 2015"]
[Site "Berlin GER"]
[Date "2015.10.14"]
[Round "18.59"]
[White "Bezold, Michael"]
[Black "Grigoriants, Sergey"]
[Result "0-1"]
[WhiteTitle "GM"]
[BlackTitle "GM"]
[WhiteElo "2509"]
[BlackElo "2603"]
[WhiteFideId "4601718"]
[BlackFideId "4130804"]
[EventDate "2015.10.13"]

1. c4 Nf6 2. g3 e5 3. Bg2 Nc6 4. Nc3 Bc5 5. e3 d6 6. Nge2 a6 7. h3 Ba7 8. b3 O-O
9. O-O h6 10. Kh2 Bf5 11. d3 Qd7 12. e4 Bh7 13. f4 exf4 14. gxf4 Nd4 15. Bd2
Rae8 16. Rc1 c6 17. Nxd4 Bxd4 18. Ne2 Ba7 19. Ng3 Bd4 20. Ne2 Bb6 21. Ng3 Bd4
22. Qf3 Qe7 23. Ne2 Bb6 24. Bc3 Nd7 25. Ng3 f5 26. Rce1 fxe4 27. dxe4 Qh4 28.
Qg4 Qxg4 29. hxg4 Nc5 30. Re2 Bc7 31. Kh3 Bg6 32. f5 Bf7 33. Rd1 Nd7 34. Bb4 c5
35. Bc3 b5 36. cxb5 axb5 37. Red2 b4 38. Bb2 Ne5 39. Ne2 c4 40. bxc4 Nxc4 41.
Rc2 Ne3 42. Rxc7 Nxd1 43. Bd4 Rc8 44. Rb7 Rc2 45. Bf3 Nc3 46. Nxc3 bxc3 47. Rc7
Rxa2 48. Rxc3 Rb8 49. Be3 Rb3 50. Rxb3 Bxb3 51. Bf4 Ra6 52. Be2 Rc6 53. Kg3 Bc4
54. Bf3 Ra6 55. Be3 Kf7 56. Kf4 Ra4 57. Bd4 Bd5 58. exd5 Rxd4+ 59. Ke3 Rb4 60.
Be4 Kf6 61. Kf4 Ra4 0-1

[Event "World Blitz 2015"]
[Site "Berlin GER"]
[Date "2015.10.14"]
[Round "18.60"]
[White "Motylev, Alexander"]
[Black "Pavlidis, Antonios"]
[Result "0-1"]
[WhiteTitle "GM"]
[BlackTitle "GM"]
[WhiteElo "2649"]
[BlackElo "2522"]
[WhiteFideId "4121830"]
[BlackFideId "4212312"]
[EventDate "2015.10.13"]

1. e4 c5 2. Nf3 Nc6 3. Bb5 Nf6 4. Nc3 Qc7 5. O-O a6 6. Bxc6 dxc6 7. h3 e5 8. d3
h6 9. a4 g5 10. Nd2 Be6 11. Nc4 O-O-O 12. Qe2 Be7 13. a5 Rdg8 14. Bd2 Nd7 15. g4
h5 16. f3 Nf8 17. Nd1 Ng6 18. Nf2 Nf4 19. Bxf4 gxf4 20. Kg2 Bh4 21. Rh1 Bg3 22.
Qd2 f6 23. b4 Bxc4 24. dxc4 Rd8 25. Nd3 Rd4 26. Qc3 Qf7 27. bxc5 Qxc4 28. Qb2
Qb5 29. Qa2 Qc4 30. Qb2 Rh7 31. Ra3 hxg4 32. hxg4 Rxh1 33. Kxh1 Qg8 34. Kg1 Qh7
35. Qb3 Rxd3 36. Qe6+ Kc7 0-1

[Event "World Blitz 2015"]
[Site "Berlin GER"]
[Date "2015.10.14"]
[Round "18.63"]
[White "Rakhmanov, Aleksandr"]
[Black "Donchenko, Alexander"]
[Result "1-0"]
[WhiteTitle "GM"]
[BlackTitle "GM"]
[WhiteElo "2637"]
[BlackElo "2577"]
[WhiteFideId "4173708"]
[BlackFideId "24603295"]
[EventDate "2015.10.13"]

1. c4 Nf6 2. Nc3 e6 3. e4 c5 4. Nf3 Nc6 5. Be2 b6 6. d4 cxd4 7. Nxd4 Bb4 8. Nxc6
dxc6 9. Qxd8+ Kxd8 10. e5 Ne4 11. a3 Ba5 12. Bd2 Nxd2 13. Kxd2 c5 14. Bf3 Rb8
15. b4 cxb4 16. axb4 Bxb4 17. Rxa7 Bd7 18. Kc2 Rc8 19. Rd1 Rc7 20. Ra8+ Rc8 21.
Bc6 Rxa8 22. Rxd7+ Kc8 23. Rxf7 Bxc3 24. Kxc3 Ra5 25. f4 g5 26. f5 exf5 27. e6 1-0

[Event "World Blitz 2015"]
[Site "Berlin GER"]
[Date "2015.10.14"]
[Round "18.65"]
[White "Stefansson, Hannes"]
[Black "Ladva, Ottomar"]
[Result "1-0"]
[WhiteTitle "GM"]
[BlackTitle "IM"]
[WhiteElo "2602"]
[BlackElo "2423"]
[WhiteFideId "2300087"]
[BlackFideId "4500024"]
[EventDate "2015.10.13"]

1. d4 Nf6 2. c4 e6 3. Nf3 b6 4. g3 Ba6 5. b3 b5 6. cxb5 Bxb5 7. Bg2 Bb4+ 8. Bd2
a5 9. Ne5 d5 10. Nc3 Bd7 11. O-O O-O 12. Rc1 Qe7 13. Nxd7 Nbxd7 14. Na4 Rfc8 15.
Rc6 Nb8 16. Rc2 Nbd7 17. Bxb4 Qxb4 18. e3 Nb6 19. Nc5 a4 20. Nd3 Qa3 21. b4 Ne4
22. Qe2 Nc3 23. Qd2 Ne4 24. Bxe4 dxe4 25. Rc3 Qxc3 26. Qxc3 Nd5 27. Qd2 exd3 28.
a3 Ra6 29. Rc1 Rd6 30. Qxd3 f5 31. Rc5 Kf7 32. Qc2 Kf6 33. Qxa4 g5 34. Qc2 Rg8
35. b5 h5 36. a4 h4 37. a5 h3 38. a6 Rb8 39. a7 Ra8 40. Rxc7 Nxc7 41. Qxc7 Rdd8
42. Kf1 Rdc8 43. Qe5+ Kf7 44. b6 Rc2 45. Qa5 Rb2 46. Qa6 Rd8 47. b7 1-0